Fantastic Four Members by Picture - Statistics

General Stats
  • This quiz has been taken 48 times
  • The average score is 13 of 16
Answer Stats
Picture Answer % Correct
Human Torch
98%
Mister Fantastic
98%
Thing
98%
Invisible Woman
95%
Ant-Man
91%
Black Panther
91%
Hulk
91%
She-Hulk
91%
Wolverine
91%
Spider-Man
88%
Storm
86%
Medusa
70%
She-Thing
56%
Crystal
53%
Miss Thing
30%
Frankie Raye
28%
No matching quizzes found
Score Distribution
Percent of People with Each Score
Percentile by Number Answered
Your Score History
You have not taken this quiz